00762nam a2200229Ia 450000500170000000800410001702000220005804100080008008200150008810000210010324500670012425000120019126000380020330000090024150000290025065000360027970000210031590600100033694200070034699900170035395201620037020251121144957.0230125s9999 xx 000 0 und d a978-81-321-1371-3 aeng a158.1bVIE aVieira W9215271 aThe Winning ManagerbTimeless principles for Corporate Success aEd.2nd. c2014bSage publicationaNew Delhi a217p aPersonality Development  aPersonality Development9213420 aVieira W9215271 b98.75 cBK c94027d94027 00104070aHIMRbHIMRd2016-03-04ePritam Book Centreg395.00i9831l0o158.1 VIE B14097pHIMR-BK-14097r2023-01-25 00:00:00v296.25w2016-03-04yBKzB14097